| 000 | 00454nam a2200181Ia 4500 | ||
|---|---|---|---|
| 001 | 14587 | ||
| 005 | 20260306164925.0 | ||
| 008 | 260306t2012||||xx |||||||||||||| ||spa|| | ||
| 041 | _aESP | ||
| 082 |
_a515.33 _bS748 |
||
| 100 |
_aSiu Koochoy, Ricardo _eAUT |
||
| 245 | 0 | _aCálculo diferencial de funciones con varias variables | |
| 260 | _c2012 | ||
| 300 |
_a299 páginas : _c22 cm. |
||
| 650 | _aGEN | ||
| 654 | _aCMA | ||
| 942 |
_cLIB _dJUS _fJUS _2ddc _n |
||
| 999 |
_c14587 _d14587 |
||